A reklám és a Nő

Elmentve itt :
Bibliográfiai részletek
Szerző: Zombori Zsuzsanna
További közreműködők: Nagyné Terhes Irén (Témavezető)
Dokumentumtípus: Szakdolgozat
Megjelent: 2000
Tárgyszavak:
Online Access:http://diploma.bibl.u-szeged.hu/105793
LEADER 00589nta a2200181 i 4500
001 dipl105793
005 20210205114319.0
008 210205s2000 hu om 0|| zxx d
040 |a SZTE Diploma Repozitórium  |b hun 
041 |a zxx 
100 1 |a Zombori Zsuzsanna 
245 1 2 |a A reklám és a Nő  |h [elektronikus dokumentum] /  |c Zsuzsanna Zombori 
260 |c 2000 
650 4 |a Pedagógusképzés 
650 4 |a Social sciences 
650 4 |a Sociology 
700 2 |a Nagyné Terhes Irén  |e ths 
856 4 0 |u http://diploma.bibl.u-szeged.hu/id/eprint/105793/1/2000_zombori_zsuzsanna.pdf  |z Dokumentum-elérés